Normal view
MARC view
- الفلسفة الاسلامية- الثقافة الاسلامية
Entry Topical Term
001 - CONTROL NUMBER
- control field: 52474
003 - CONTROL NUMBER IDENTIFIER
- control field: JO-AjAnu
005 - DATE AND TIME OF LATEST TRANSACTION
- control field: 20230606082626.0
008 - FIXED-LENGTH DATA ELEMENTS
- fixed length control field: 230606|| aca||aabn | a|a d
040 ## - CATALOGING SOURCE
- Original cataloging agency: JO-AjAnu
- Transcribing agency: JO-AjAnu
150 ## - HEADING--TOPICAL TERM
- Topical term or geographic name entry element: الفلسفة الاسلامية- الثقافة الاسلامية
670 ## - SOURCE DATA FOUND
- Source citation: Work cat.: (JO-AjAnu)26814: العلواني، طه جابر, author 52473, إصلاح الفكر الإسلامي مدخل الى نظم الخطاب في الفكر الإسلامي المعاصر